Cinco cartas para un viajero : la voz de una ciudad /

Compilación de cinco cartas todas referentes a la historia de Zacatecas durante le época colonial.

Gardado en:
Detalles Bibliográficos
Autor Principal: Esparza Sánchez, Cuautémoc (autor)
Formato: Libro
Idioma:Lingua castelá
Publicado: Zacatecas, México : Universidad Autónoma de Zacatecas, Departamento de Investigaciones Históricas, 1976, c1976
Edición:2a edición
Temas:
Etiquetas: Engadir etiqueta
Sen Etiquetas, Sexa o primeiro en etiquetar este rexistro!

MARC

LEADER 00000nam^a2200000^a^4500
001 000132039
005 20250521000000.0
009 20260310095044.269
037 |a Acervo ITESO - Biblioteca 
041 |a ESP 
082 |a 972. 4303  |b ESP 
100 |a Esparza Sánchez, Cuautémoc  |e (autor) 
245 1 0 |a Cinco cartas para un viajero :  |b la voz de una ciudad /  |c C. Esparza Sánchez. 
250 |a 2a edición 
264 4 |a Zacatecas, México :  |b Universidad Autónoma de Zacatecas, Departamento de Investigaciones Históricas,  |c 1976, c1976 
300 |a 50 p. 
336 |a texto  |b txt  |2 rdacontenido 
337 |a sin mediación  |b n  |2 rdamedio 
338 |a volumen  |b nc  |2 rdasoporte 
520 |a Compilación de cinco cartas todas referentes a la historia de Zacatecas durante le época colonial. 
520 |a Políticos Españoles 
649 |a XX 
650 |a Conquistadores Españoles 
650 |a Militares Españoles 
650 |a Gobernadores Coloniales en México 
650 |a Franciscanos en Zacatecas -  |x Historia 
650 |a Franciscanos en México -  |x Historia 
650 |a Iglesia Católica en Zacatecas -  |x Historia 
650 |a Iglesia Católica en México -  |x Historia 
650 |a Minería -  |z Zacatecas -  |x Historia 
650 |a Minería -  |z México -  |x Historia 
650 |a Economía -  |z Zacatecas -  |x Historia 
650 |a Economía -  |z México -  |x Historia 
650 |a Zacatecas -  |x Historia -  |y Epoca Colonial, 1517-1821 
650 |a México -  |x Historia -  |y Epoca Colonial, 1517-1821 
650 |a Cartas Mexicanas 
650 |a Oñate, Cristóbal de 
910 |a Fondo Salvador Reynoso Reynoso 
920 |a Impresos - Libros 
930 |a Fondos Especiales 
905 |a 112 
901 |a 0800012392  |b IT2  |c ESP  |u 20250521 
902 |a https://opac.biblio.iteso.mx/vufind/Record/000132039